| 000 | 00621nam a2200241Ia 4500 | ||
|---|---|---|---|
| 003 | OSt | ||
| 005 | 20220918201131.0 | ||
| 006 | a|||||r|||| 00| 0 | ||
| 007 | ta | ||
| 008 | 220917b |||||||| |||| 00| 0 eng d | ||
| 024 | _a91,918 | ||
| 037 | _cTextual | ||
| 040 |
_aARTS _cARTS _beng |
||
| 041 |
_2eng _aeng |
||
| 082 | _aU8.7312, K6 | ||
| 100 |
_aLeonard Z _997021 |
||
| 245 | 0 | _aNarrative of the adventures of Zenas Leonard | |
| 260 |
_aA Arbor _bUniv Micro _c1966 |
||
| 300 |
_a87p. _ccm. |
||
| 650 | _aGEOGRAPHY | ||
| 942 |
_hU8.7312, K6 _cTEXL _2CC |
||
| 999 |
_c215572 _d215572 |
||